000 00704nam a2200229Ia 4500
003 GCL
005 20240530102313.0
008 140319s9999 xx 000 0 ara d
040 _aGCL /
_cGCL
082 0 4 _a414.1
_bد ع
100 1 _aدرويش الجندى
245 1 0 _aعلم المعانى /
_cدرويش الجندى
250 _aالاولى
260 _aالقاهرة :
_bدار نهضة مصر للطبع والنشر
_cد ت
300 _a217 ص ؛
_c24سم
650 0 4 _aاللغة العربية
650 0 4 _aالبلاغة العربية
650 0 4 _aالمعانى العربية
650 0 4 _aالالفاظ العربية
650 0 4 _aالمعانى
942 _2ddc
_cBK
999 _c31300
_d31300